[Event "First Saturday 2011 szeptember FM"]
[Site "Budapest"]
[Date "2011.09.03"]
[Round "1"]
[White "Mayer, Istvan"]
[Black "Heyl, Thomas"]
[Result "1/2-1/2"]
[WhiteElo "2063"]
[BlackElo "2069"]
[PlyCount "33"]
[EventDate "2011.09.03"]

1. e4 e5 2. Nf3 Nc6 3. Nc3 Nf6 4. d4 exd4 5. Nxd4 Bb4 6. Nxc6 bxc6 7. Bd3 d5 8.
exd5 cxd5 9. O-O O-O 10. Bg5 c6 11. Qf3 Bd6 12. Bxf6 Qxf6 13. Qxf6 gxf6 14.
Rfe1 Bd7 15. Ne2 Rab8 16. b3 Rfe8 17. Ng3 1/2-1/2

[Event "First Saturday 2011 szeptember FM"]
[Site "Budapest"]
[Date "2011.09.03"]
[Round "1"]
[White "Letay, Gyula"]
[Black "Tran, Minh Thang"]
[Result "0-1"]
[WhiteElo "2028"]
[BlackElo "2133"]
[PlyCount "56"]
[EventDate "2011.09.03"]

1. Nf3 e6 2. d3 f5 3. Nc3 Nf6 4. e4 fxe4 5. Nxe4 Be7 6. Be2 b6 7. Bg5 Nxe4 8.
Bxe7 Qxe7 9. dxe4 Qb4+ 10. Qd2 Qxb2 11. O-O Ba6 12. Rfb1 Qf6 13. e5 Qe7 14. c4
Nc6 15. Qe3 O-O 16. Bd3 Qc5 17. Qe4 g6 18. h4 Rf7 19. h5 Raf8 20. hxg6 hxg6 21.
Rf1 Bb7 22. Qxg6+ Rg7 23. Qh5 Nxe5 24. Bh7+ Rxh7 25. Qxe5 Rxf3 26. Qxc5 bxc5
27. Rab1 Bc6 28. Rb8+ Rf8 0-1

[Event "First Saturday 2011 szeptember FM"]
[Site "Budapest"]
[Date "2011.09.03"]
[Round "1"]
[White "Szatmari, David"]
[Black "Jamalia, Natalie"]
[Result "1-0"]
[WhiteElo "2021"]
[BlackElo "1942"]
[PlyCount "123"]
[EventDate "2011.09.03"]

1. d4 d5 2. Nf3 Nf6 3. c4 e6 4. Nc3 c6 5. Bg5 Be7 6. e3 Nbd7 7. a3 O-O 8. Rc1
dxc4 9. Bxc4 Nd5 10. Bxe7 Qxe7 11. O-O N5b6 12. Bd3 e5 13. Qc2 h6 14. Rfe1 Re8
15. Rcd1 Qf8 16. dxe5 Nxe5 17. Nxe5 Rxe5 18. Ne4 Bd7 19. f4 Rd5 20. Nc3 Bg4 21.
Nxd5 Bxd1 22. Nf6+ gxf6 23. Rxd1 Nd5 24. Qf2 Qc5 25. Re1 Re8 26. Qg3+ Kf8 27.
Kf2 Qb6 28. Re2 Qc5 29. f5 Re5 30. Qf3 a5 31. Be4 Ne7 32. g4 Nd5 33. Bxd5 Rxd5
34. Qf4 Kg7 35. Kg3 Re5 36. Kh4 Kh7 37. Kh5 Qf8 38. Rd2 Qg7 39. Rd7 Qg6+ 40.
Kh4 Qg5+ 41. Qxg5 hxg5+ 42. Kg3 Kg7 43. Rxb7 Rxe3+ 44. Kf2 Rh3 45. Kg2 Rd3 46.
Kf1 Rd2 47. h3 Rd3 48. Rb6 Rxh3 49. Rxc6 Rf3+ 50. Kg2 Rf4 51. Kg3 a4 52. Rb6
Rc4 53. Rb4 Rc2 54. Kf3 Kf8 55. Ke3 Ke7 56. Kd3 Rg2 57. Kc3 Rg3+ 58. Kc2 Rg2+
59. Kb1 Rg1+ 60. Ka2 Rf1 61. Rxa4 Rf4 62. Rb4 1-0

[Event "First Saturday 2011 szeptember FM"]
[Site "Budapest"]
[Date "2011.09.03"]
[Round "1"]
[White "Juracsik, Jozsef"]
[Black "Farkas, Richard"]
[Result "1/2-1/2"]
[WhiteElo "2178"]
[BlackElo "2009"]
[PlyCount "33"]
[EventDate "2011.09.03"]

1. e4 c5 2. Nf3 e6 3. d4 cxd4 4. Nxd4 a6 5. Be2 Nf6 6. Nc3 Qc7 7. O-O Nc6 8.
Be3 d6 9. f4 Be7 10. a4 O-O 11. Nb3 b6 12. g4 Bb7 13. g5 Nd7 14. Bf3 Nc5 15.
Nd2 Rad8 16. Qe2 Nb4 17. Nb3 1/2-1/2

[Event "First Saturday 2011 szeptember FM"]
[Site "Budapest"]
[Date "2011.09.03"]
[Round "1"]
[White "Dancs, Zsolt"]
[Black "Zala, Gyula"]
[Result "1-0"]
[WhiteElo "2156"]
[BlackElo "2003"]
[PlyCount "61"]
[EventDate "2011.09.03"]

1. e4 e5 2. Nf3 d5 3. Nxe5 Qe7 4. d4 f6 5. Nd3 dxe4 6. Nf4 g5 7. Qh5+ Kd8 8.
Nd5 Qg7 9. Nbc3 c6 10. Ne3 Bb4 11. Bd2 f5 12. O-O-O Nf6 13. Qe2 Re8 14. Qc4
Bxc3 15. Bxc3 f4 16. d5 c5 17. Qxc5 fxe3 18. Qd6+ Nbd7 19. Bb5 Qe7 20. Qg3 e2
21. Bxe2 e3 22. d6 Qe6 23. Qxg5 Rg8 24. Qh4 Rg6 25. Bf3 Ne5 26. fxe3 Bd7 27.
Rhf1 Ke8 28. Bh5 Rc8 29. Bxg6+ Nxg6 30. Qxf6 Qxa2 31. Rd4 1-0

[Event "First Saturday 2011 szeptember FM"]
[Site "Budapest"]
[Date "2011.09.04"]
[Round "2"]
[White "Farkas, Richard"]
[Black "Dancs, Zsolt"]
[Result "1-0"]
[WhiteElo "2009"]
[BlackElo "2156"]
[PlyCount "101"]
[EventDate "2011.09.03"]

1. e4 c5 2. Nf3 Nc6 3. d4 cxd4 4. Nxd4 g6 5. c4 Nf6 6. Nc3 d6 7. f3 Bg7 8. Be3
O-O 9. Rc1 Bd7 10. Be2 a6 11. Qd2 Rc8 12. O-O Ne5 13. b3 Re8 14. Rfd1 Qa5 15.
Bf1 h5 16. Qf2 b5 17. Nd5 Nxd5 18. cxd5 Qa3 19. h3 f6 20. f4 Nf7 21. f5 g5 22.
Qe2 h4 23. Ne6 Ne5 24. Nc7 Rf8 25. Rc2 Qa5 26. Rdc1 Nc4 27. bxc4 Rxc7 28. cxb5
Bxb5 29. Qd2 Qxd2 30. Bxd2 Rxc2 31. Rxc2 Bxf1 32. Kxf1 Rb8 33. Ke2 Rb1 34. Rc6
Rg1 35. Kf2 Rd1 36. Be3 Bh6 37. Rxa6 Rb1 38. Rb6 Ra1 39. Rb2 Kg7 40. Bd4 g4 41.
hxg4 Bf4 42. Ke2 Kh6 43. Rc2 Rb1 44. Rc7 Rb4 45. Kd3 Ra4 46. Rxe7 Rxa2 47. Bxf6
Bg5 48. Bxg5+ Kxg5 49. Rg7+ Kh6 50. Rg6+ Kh7 51. Rg5 1-0

[Event "First Saturday 2011 szeptember FM"]
[Site "Budapest"]
[Date "2011.09.04"]
[Round "2"]
[White "Jamalia, Natalie"]
[Black "Juracsik, Jozsef"]
[Result "1-0"]
[WhiteElo "1942"]
[BlackElo "2178"]
[PlyCount "64"]
[EventDate "2011.09.03"]

1. e4 c5 2. Nf3 d6 3. d4 cxd4 4. Nxd4 Nf6 5. Nc3 a6 6. Be2 g6 7. Be3 Bg7 8. O-O
O-O 9. Qd2 Nc6 10. f4 Bd7 11. h3 b5 12. Bf3 Rc8 13. Rad1 Qc7 14. a3 Na5 15. Qf2
Nc4 16. Bc1 e5 17. fxe5 dxe5 18. Nb3 Be6 19. Nd5 Nxd5 20. exd5 Bf5 21. c3 e4
22. Bg4 Bxg4 23. hxg4 Rce8 24. Be3 Qd7 25. Bc5 Qxg4 26. Bxf8 Rxf8 27. Rfe1 f5
28. Nc5 Be5 29. Ne6 Bg3 30. Qa7 Be5 31. Qe7 Rb8 32. Ng5 Nd6 1-0

[Event "First Saturday 2011 szeptember FM"]
[Site "Budapest"]
[Date "2011.09.04"]
[Round "2"]
[White "Tran, Minh Thang"]
[Black "Szatmari, David"]
[Result "1-0"]
[WhiteElo "2133"]
[BlackElo "2021"]
[PlyCount "55"]
[EventDate "2011.09.03"]

1. d4 Nf6 2. Bf4 g6 3. e3 Bg7 4. Nf3 d6 5. Be2 O-O 6. h3 c5 7. c3 Qb6 8. Qc1
Nc6 9. Nbd2 Nd7 10. O-O cxd4 11. exd4 e5 12. Nc4 Qc7 13. Bh2 Nb6 14. dxe5 dxe5
15. Qe3 Nxc4 16. Bxc4 Bd7 17. Rfe1 Rae8 18. Rad1 Be6 19. Qc5 Bxc4 20. Qxc4 Qb6
21. Re2 e4 22. Ng5 Rd8 23. Rde1 e3 24. fxe3 Na5 25. Qc7 Qb5 26. Ne4 Qd5 27. Rd2
Qc6 28. Rxd8 1-0

[Event "First Saturday 2011 szeptember FM"]
[Site "Budapest"]
[Date "2011.09.04"]
[Round "2"]
[White "Heyl, Thomas"]
[Black "Letay, Gyula"]
[Result "1/2-1/2"]
[WhiteElo "2069"]
[BlackElo "2028"]
[PlyCount "20"]
[EventDate "2011.09.03"]

1. d4 d5 2. Nf3 e6 3. e3 Nf6 4. Bd3 Be7 5. O-O O-O 6. b3 b6 7. Bb2 Bb7 8. Nbd2
Nbd7 9. Ne5 Rc8 10. Qf3 c5 1/2-1/2

[Event "First Saturday 2011 szeptember FM"]
[Site "Budapest"]
[Date "2011.09.04"]
[Round "2"]
[White "Darazs, Zoltan"]
[Black "Mayer, Istvan"]
[Result "1/2-1/2"]
[WhiteElo "2127"]
[BlackElo "2063"]
[PlyCount "40"]
[EventDate "2011.09.03"]

1. e4 e6 2. d4 d5 3. Nc3 Nf6 4. e5 Nfd7 5. f4 c5 6. Nf3 Nc6 7. Be3 cxd4 8. Nxd4
Bc5 9. Qd2 Bxd4 10. Bxd4 Nxd4 11. Qxd4 Qb6 12. Nb5 Qxd4 13. Nxd4 a6 14. O-O-O
Nb8 15. h4 Nc6 16. Rh3 Nxd4 17. Rxd4 Bd7 18. Rg3 g6 19. Rc3 Bc6 20. a4 Ke7
1/2-1/2

[Event "First Saturday 2011 szeptember FM"]
[Site "Budapest"]
[Date "2011.09.05"]
[Round "3"]
[White "Letay, Gyula"]
[Black "Darazs, Zoltan"]
[Result "1/2-1/2"]
[WhiteElo "2028"]
[BlackElo "2127"]
[PlyCount "28"]
[EventDate "2011.09.03"]

1. d4 Nf6 2. c4 g6 3. Nc3 Bg7 4. e4 d6 5. f3 O-O 6. Be3 c5 7. dxc5 dxc5 8. Qxd8
Rxd8 9. Bxc5 Nc6 10. Ba3 a5 11. Nd5 Nb4 12. Nxe7+ Kh8 13. Nd5 Nc2+ 14. Kf2 Nxd5
1/2-1/2

[Event "First Saturday 2011 szeptember FM"]
[Site "Budapest"]
[Date "2011.09.05"]
[Round "3"]
[White "Szatmari, David"]
[Black "Heyl, Thomas"]
[Result "1-0"]
[WhiteElo "2021"]
[BlackElo "2069"]
[PlyCount "75"]
[EventDate "2011.09.03"]

1. e4 c5 2. Nf3 e6 3. c3 d5 4. e5 d4 5. cxd4 cxd4 6. Bb5+ Nc6 7. Qa4 Bd7 8.
Bxc6 Bxc6 9. Qxd4 Ne7 10. Qxd8+ Rxd8 11. O-O Bxf3 12. gxf3 Nc6 13. f4 Nd4 14.
Nc3 Nf3+ 15. Kh1 Be7 16. Rd1 Rd3 17. Ne4 O-O 18. a3 Rfd8 19. b4 R8d4 20. Nc5
Bxc5 21. bxc5 Rxf4 22. Rb1 Rh4 23. Kg2 h6 24. Rxb7 Rg4+ 25. Kf1 Nxe5 26. Bb2
Nc4 27. Rc1 Nxd2+ 28. Ke2 Rd8 29. Rb4 Re4+ 30. Rxe4 Nxe4 31. Ke3 Nf6 32. c6 Rc8
33. Bxf6 gxf6 34. Kd4 Kf8 35. Kc5 Ke7 36. Rb1 Rd8 37. Rb7+ Ke8 38. c7 1-0

[Event "First Saturday 2011 szeptember FM"]
[Site "Budapest"]
[Date "2011.09.05"]
[Round "3"]
[White "Juracsik, Jozsef"]
[Black "Tran, Minh Thang"]
[Result "1/2-1/2"]
[WhiteElo "2178"]
[BlackElo "2133"]
[PlyCount "25"]
[EventDate "2011.09.03"]

1. e4 e6 2. d4 d5 3. Nc3 Bb4 4. e5 c5 5. a3 Bxc3+ 6. bxc3 Qa5 7. Bd2 Qa4 8. Qb1
c4 9. Nh3 Nc6 10. g3 Nge7 11. Bg2 Bd7 12. O-O O-O-O 13. Qb2 1/2-1/2

[Event "First Saturday 2011 szeptember FM"]
[Site "Budapest"]
[Date "2011.09.05"]
[Round "3"]
[White "Dancs, Zsolt"]
[Black "Jamalia, Natalie"]
[Result "0-1"]
[WhiteElo "2156"]
[BlackElo "1942"]
[PlyCount "55"]
[EventDate "2011.09.03"]

1. e4 c5 2. Nf3 d6 3. d4 cxd4 4. Nxd4 Nf6 5. Nc3 a6 6. Bg5 e6 7. f4 Be7 8. Qf3
Nc6 9. Nb3 h6 10. Bxf6 Bxf6 11. O-O-O Qc7 12. g4 Nb4 13. Kb1 Bd7 14. h4 Rc8 15.
a3 Bxc3 16. bxc3 Nc6 17. Qd3 Na7 18. Qxd6 Qxd6 19. Rxd6 Rxc3 20. Bd3 Ke7 21.
Rb6 Rc7 22. Na5 Nc6 23. Nc4 Nd4 24. c3 Nb5 25. Rc1 Rxc4 26. Bxc4 Nxa3+ 27. Ka2
Nxc4 28. Rxb7 {mobile} 0-1

[Event "First Saturday 2011 szeptember FM"]
[Site "Budapest"]
[Date "2011.09.05"]
[Round "3"]
[White "Zala, Gyula"]
[Black "Farkas, Richard"]
[Result "0-1"]
[WhiteElo "2003"]
[BlackElo "2009"]
[PlyCount "72"]
[EventDate "2011.09.03"]

1. d3 d5 2. c4 e6 3. g3 Nf6 4. Bg2 c5 5. Nf3 Nc6 6. b3 Bd6 7. Bb2 d4 8. a3 e5
9. Nbd2 O-O 10. b4 cxb4 11. axb4 Bxb4 12. O-O Qe7 13. e4 dxe3 14. fxe3 Rd8 15.
Qe2 a5 16. Rad1 a4 17. Ba1 Bc5 18. h3 Bd6 19. Ng5 h6 20. Nge4 Nxe4 21. Nxe4 Bc7
22. Nc3 Nb4 23. g4 a3 24. Be4 Qg5 25. Qf3 f5 26. Kh1 fxe4 27. Qf7+ Kh8 28. Qxc7
Na6 29. Qb6 Qh4 30. Rd2 Bxg4 31. Nxe4 Rf8 32. Rff2 Qxh3+ 33. Kg1 Bf3 34. Rxf3
Rxf3 35. Rg2 Raf8 36. Nf2 Qf5 0-1

[Event "First Saturday 2011 szeptember FM"]
[Site "Budapest"]
[Date "2011.09.06"]
[Round "4"]
[White "Jamalia, Natalie"]
[Black "Zala, Gyula"]
[Result "1/2-1/2"]
[WhiteElo "1942"]
[BlackElo "2003"]
[PlyCount "95"]
[EventDate "2011.09.03"]

1. e4 e5 2. Nf3 d5 3. exd5 Bd6 4. Nc3 f5 5. d4 e4 6. Bg5 Nf6 7. Ne5 O-O 8. Be2
a6 9. a4 Nbd7 10. Nxd7 Bxd7 11. Qd2 Kh8 12. O-O Qe8 13. Bf4 Rc8 14. Bxd6 cxd6
15. Qf4 Qe7 16. Rfe1 h6 17. h4 Rg8 18. h5 g5 19. hxg6 Rxg6 20. g3 Rxc3 21. bxc3
Nxd5 22. Qd2 f4 23. Bf3 fxg3 24. Rxe4 Qf6 25. Bg2 Bh3 26. f3 Bf5 27. Re8+ Kh7
28. Rb1 Rg7 29. f4 Nc7 30. Rb8 Qh4 31. R1xb7 Ne6 32. Rxg7+ Kxg7 33. d5 Qh2+ 34.
Kf1 Bh3 35. Rb7+ Kf8 36. Rb8+ Ke7 37. dxe6 Qh1+ 38. Ke2 Qxg2+ 39. Ke3 Qg1+ 40.
Kf3 g2 41. Rb7+ Kf6 42. Rf7+ Kxe6 43. Rg7 Kf6 44. Rg8 Qf1+ 45. Qf2 Qd1+ 46. Ke3
Qc1+ 47. Kf3 Qd1+ 48. Ke3 1/2-1/2

[Event "First Saturday 2011 szeptember FM"]
[Site "Budapest"]
[Date "2011.09.06"]
[Round "4"]
[White "Tran, Minh Thang"]
[Black "Dancs, Zsolt"]
[Result "1/2-1/2"]
[WhiteElo "2133"]
[BlackElo "2156"]
[PlyCount "97"]
[EventDate "2011.09.03"]

1. d4 Nf6 2. Bf4 d6 3. e3 g6 4. Nf3 Bg7 5. Be2 b6 6. h3 Bb7 7. O-O Nbd7 8. Nbd2
O-O 9. c3 Re8 10. Nc4 h6 11. a4 a6 12. Qc2 Ne4 13. Rfd1 c5 14. Nfd2 Nxd2 15.
Rxd2 cxd4 16. exd4 d5 17. Bf3 Rc8 18. Ne5 Nxe5 19. dxe5 e6 20. Qd3 Qc7 21. Qe3
Kh7 22. Rd4 a5 23. Re1 Qe7 24. Qd2 Red8 25. Rd1 Ba6 26. Be2 Bxe2 27. Qxe2 Rc7
28. Bg3 Rdc8 29. Qb5 Qc5 30. Qa6 h5 31. f4 Qc6 32. Bf2 Bf8 33. R4d2 Bc5 34.
Bxc5 Qxc5+ 35. Rd4 Rc6 36. Kf2 Kg7 37. Kf3 Qe7 38. Qe2 Rc4 39. g4 hxg4+ 40.
hxg4 Rxd4 41. Rxd4 Qh4 42. Qf2 Qh1+ 43. Qg2 Qb1 44. Qe2 Qh1+ 45. Qg2 Qa1 46.
Qc2 Qh1+ 47. Qg2 Qe1 48. Qf2 Qh1+ 49. Qg2 1/2-1/2

[Event "First Saturday 2011 szeptember FM"]
[Site "Budapest"]
[Date "2011.09.06"]
[Round "4"]
[White "Heyl, Thomas"]
[Black "Juracsik, Jozsef"]
[Result "0-1"]
[WhiteElo "2069"]
[BlackElo "2178"]
[PlyCount "127"]
[EventDate "2011.09.03"]

1. d4 Nf6 2. Nf3 c5 3. c3 b6 4. dxc5 bxc5 5. e4 Bb7 6. e5 Ng8 7. Bd3 g6 8. O-O
Bg7 9. Re1 Nh6 10. Na3 O-O 11. Bg5 Nc6 12. Nc4 Qc7 13. Qd2 Nf5 14. Rad1 d5 15.
exd6 Nxd6 16. Nxd6 exd6 17. Be4 Ne5 18. Nxe5 dxe5 19. Qd7 Qxd7 20. Rxd7 Bxe4
21. Rxe4 f6 22. Be3 Rfd8 23. Rxd8+ Rxd8 24. Kf1 Bf8 25. Ra4 Rd7 26. Ra6 f5 27.
Rc6 Rd1+ 28. Ke2 Rb1 29. b3 e4 30. Bxc5 Rb2+ 31. Ke1 Bxc5 32. Rxc5 Rxa2 33. b4
Kf7 34. Rc7+ Kf6 35. Rxh7 f4 36. Rd7 Rc2 37. Rxa7 Rxc3 38. Kd2 Rb3 39. Ke2 Rxb4
40. Ra2 Ke5 41. Rd2 Rc4 42. Rb2 Ra4 43. Rd2 g5 44. h3 Ra3 45. Rd8 Ra2+ 46. Rd2
Ra1 47. Rd8 Rg1 48. Re8+ Kf5 49. Rf8+ Kg6 50. Re8 Rxg2 51. Rxe4 Rh2 52. Re8
Rxh3 53. Rf8 Kh5 54. f3 Kh4 55. Rg8 Rh2+ 56. Kd3 Kg3 57. Ke4 Re2+ 58. Kf5 Kxf3
59. Rxg5 Ra2 60. Rg1 Ra5+ 61. Ke6 Kf2 62. Rh1 f3 63. Rh2+ Kg1 64. Rh1+ 0-1

[Event "First Saturday 2011 szeptember FM"]
[Site "Budapest"]
[Date "2011.09.06"]
[Round "4"]
[White "Darazs, Zoltan"]
[Black "Szatmari, David"]
[Result "1-0"]
[WhiteElo "2127"]
[BlackElo "2021"]
[PlyCount "65"]
[EventDate "2011.09.03"]

1. e4 c5 2. Nf3 d6 3. d4 cxd4 4. Nxd4 Nf6 5. Nc3 e5 6. Nf3 Nc6 7. Bc4 Be7 8.
O-O O-O 9. h3 a6 10. a4 Qc7 11. Qe2 h6 12. Rd1 b6 13. Be3 Bb7 14. Nh4 Na5 15.
Bd3 d5 16. exd5 e4 17. Nxe4 Nxe4 18. Bxe4 Bxh4 19. Qg4 Bg5 20. Bxg5 hxg5 21.
Qxg5 Nc4 22. b3 Nd6 23. Bd3 Rae8 24. c4 Ne4 25. Bxe4 Rxe4 26. Rac1 Qd6 27. a5
Re5 28. Qg3 f6 29. axb6 Rc8 30. Re1 Rxe1+ 31. Rxe1 Qxb6 32. Re7 g5 33. Qd3 1-0

[Event "First Saturday 2011 szeptember FM"]
[Site "Budapest"]
[Date "2011.09.06"]
[Round "4"]
[White "Mayer, Istvan"]
[Black "Letay, Gyula"]
[Result "1/2-1/2"]
[WhiteElo "2063"]
[BlackElo "2028"]
[PlyCount "34"]
[EventDate "2011.09.03"]

1. e4 c5 2. Nf3 d6 3. d4 cxd4 4. Nxd4 Nf6 5. Nc3 a6 6. Be2 e6 7. O-O Be7 8. Be3
O-O 9. f4 Qc7 10. Qe1 Nc6 11. Rd1 Bd7 12. Kh1 Nxd4 13. Bxd4 Bc6 14. Bd3 b5 15.
Qg3 Kh8 16. a3 Rac8 17. f5 e5 1/2-1/2

[Event "First Saturday 2011 szeptember FM"]
[Site "Budapest"]
[Date "2011.09.07"]
[Round "5"]
[White "Szatmari, David"]
[Black "Mayer, Istvan"]
[Result "1-0"]
[WhiteElo "2021"]
[BlackElo "2063"]
[PlyCount "87"]
[EventDate "2011.09.03"]

1. e4 e6 2. d4 d5 3. Nc3 Bb4 4. e5 c5 5. a3 Bxc3+ 6. bxc3 Nc6 7. Nf3 Nge7 8.
Be2 Nf5 9. O-O Nh4 10. Nxh4 Qxh4 11. g3 Qe7 12. a4 Bd7 13. Ba3 b6 14. Bd3 O-O
15. Qe2 Rac8 16. Bb5 f6 17. f4 Na5 18. exf6 gxf6 19. Ba6 Rc7 20. Rfe1 Re8 21.
c4 Bxa4 22. dxc5 bxc5 23. cxd5 exd5 24. Qxe7 Rcxe7 25. Rxe7 Rxe7 26. Bxc5 Re4
27. Bd3 Nb7 28. Bxe4 Nxc5 29. Bxd5+ Kg7 30. Bb3 Bxb3 31. cxb3 Nxb3 32. Rxa7+
Kg6 33. Kf2 Nd4 34. Rd7 Ne6 35. Kf3 h5 36. Rd6 Ng7 37. Ra6 Nf5 38. Ke4 h4 39.
g4 Nh6 40. g5 Ng4 41. h3 Nf2+ 42. Kf3 Nxh3 43. Rxf6+ Kg7 44. Kg4 1-0

[Event "First Saturday 2011 szeptember FM"]
[Site "Budapest"]
[Date "2011.09.07"]
[Round "5"]
[White "Juracsik, Jozsef"]
[Black "Darazs, Zoltan"]
[Result "1/2-1/2"]
[WhiteElo "2178"]
[BlackElo "2127"]
[PlyCount "41"]
[EventDate "2011.09.03"]

1. e4 e5 2. Nf3 Nc6 3. Nc3 Nf6 4. Bb5 Nd4 5. Bc4 d6 6. Ng5 Ne6 7. Nxe6 Bxe6 8.
Bxe6 fxe6 9. d4 exd4 10. Qxd4 Qd7 11. Bg5 Be7 12. Rd1 h6 13. Bh4 e5 14. Qc4 g5
15. Bg3 Qc6 16. Qe6 Qd7 17. Qb3 Qc6 18. f3 Qb6 19. Nd5 Qxb3 20. Nxf6+ Bxf6 21.
axb3 1/2-1/2

[Event "First Saturday 2011 szeptember FM"]
[Site "Budapest"]
[Date "2011.09.07"]
[Round "5"]
[White "Dancs, Zsolt"]
[Black "Heyl, Thomas"]
[Result "1/2-1/2"]
[WhiteElo "2156"]
[BlackElo "2069"]
[PlyCount "81"]
[EventDate "2011.09.03"]

1. e4 c5 2. Nf3 e6 3. d4 cxd4 4. Nxd4 a6 5. c4 Nf6 6. Nc3 Bb4 7. Bd3 Qc7 8. O-O
O-O 9. Bg5 Be7 10. Kh1 d6 11. f4 Nbd7 12. Qe2 g6 13. Rac1 Qd8 14. Bb1 Nh5 15.
Bxe7 Qxe7 16. Qf2 Ndf6 17. h3 e5 18. Nde2 Nxf4 19. Nxf4 exf4 20. Qxf4 Nh5 21.
Nd5 Qe5 22. Qxe5 dxe5 23. Kh2 Be6 24. g4 Ng7 25. g5 Rfd8 26. Rf2 Nh5 27. Rcf1
Bxd5 28. exd5 Rac8 29. Rxf7 Rxc4 30. Rxb7 Rxd5 31. Rb8+ Kg7 32. a3 Rd2+ 33. Kg1
Rf4 34. Ba2 Rxf1+ 35. Kxf1 h6 36. Rb7+ Kh8 37. gxh6 e4 38. Ke1 Rh2 39. Bc4 Rxh3
40. Kf2 Nf4 41. Re7 1/2-1/2

[Event "First Saturday 2011 szeptember FM"]
[Site "Budapest"]
[Date "2011.09.07"]
[Round "5"]
[White "Zala, Gyula"]
[Black "Tran, Minh Thang"]
[Result "0-1"]
[WhiteElo "2003"]
[BlackElo "2133"]
[PlyCount "80"]
[EventDate "2011.09.03"]

1. e4 e6 2. a3 d5 3. e5 c5 4. b4 Nc6 5. f4 cxb4 6. axb4 Bxb4 7. c3 Be7 8. d4
Nh6 9. Bd3 Bd7 10. Nf3 a6 11. O-O O-O 12. Ng5 g6 13. Qe1 f6 14. exf6 Rxf6 15.
Ra2 Qc7 16. Qh4 Kg7 17. Raf2 Rh8 18. g4 Ng8 19. Qg3 Bd6 20. Nh3 Nge7 21. Qe3
Nd8 22. Rg2 Bb5 23. Bxb5 axb5 24. f5 Rhf8 25. Qh6+ Kg8 26. Ng5 Nec6 27. Qh3 Qd7
28. Nf3 exf5 29. Bh6 Re8 30. Nbd2 Nf7 31. Qh4 Qe7 32. Re1 Re6 33. Rxe6 Qxe6 34.
Nf1 f4 35. Bg5 b4 36. cxb4 Qe4 37. Qf2 Nxg5 38. Nxg5 Qxd4 39. b5 Bc5 40. bxc6
Qb4 0-1

[Event "First Saturday 2011 szeptember FM"]
[Site "Budapest"]
[Date "2011.09.07"]
[Round "5"]
[White "Farkas, Richard"]
[Black "Jamalia, Natalie"]
[Result "1/2-1/2"]
[WhiteElo "2009"]
[BlackElo "1942"]
[PlyCount "106"]
[EventDate "2011.09.03"]

1. d4 d5 2. c4 e6 3. Nc3 Nf6 4. Nf3 Be7 5. Bg5 c6 6. e3 O-O 7. Rc1 Nbd7 8. a3
Re8 9. Bd3 dxc4 10. Bxc4 Nd5 11. Bxe7 Qxe7 12. O-O Nxc3 13. Rxc3 e5 14. Re1 e4
15. Nd2 Nb6 16. f3 exf3 17. Qxf3 Nxc4 18. Nxc4 Be6 19. e4 Qd7 20. Qe3 Rad8 21.
Rd1 Bxc4 22. Rxc4 Qe6 23. Rb4 Rd7 24. Re1 Rde7 25. Qf3 Qd7 26. Kf2 a5 27. Rc4
b5 28. Rc2 Qxd4+ 29. Qe3 Qxe3+ 30. Rxe3 Re6 31. Rec3 Rxe4 32. Rxc6 f6 33. Rb6
b4 34. axb4 axb4 35. Rb7 g5 36. h3 R8e7 37. Rxe7 Rxe7 38. Rc8+ Kf7 39. Rc4 Rb7
40. g4 Ke6 41. Kf3 h6 42. b3 Rb6 43. Re4+ Kf7 44. Rc4 Kg6 45. Ke4 Rb5 46. Kf3
h5 47. Kg3 h4+ 48. Kg2 Rb6 49. Kf3 Rb5 50. Kg2 f5 51. gxf5+ Kxf5 52. Rg4 Ke6
53. Rc4 Kf5 1/2-1/2

[Event "First Saturday 2011 szeptember FM"]
[Site "Budapest"]
[Date "2011.09.08"]
[Round "6"]
[White "Tran, Minh Thang"]
[Black "Farkas, Richard"]
[Result "1-0"]
[WhiteElo "2133"]
[BlackElo "2009"]
[PlyCount "67"]
[EventDate "2011.09.03"]

1. d4 Nf6 2. Bf4 g6 3. e3 Bg7 4. Nf3 O-O 5. Be2 d6 6. h3 Nbd7 7. O-O c6 8. c4
Re8 9. Nc3 Qc7 10. Qc2 e5 11. Bh2 Rd8 12. Rfd1 exd4 13. Rxd4 Ne8 14. Rd2 b6 15.
Rad1 Nf8 16. Nd4 Ne6 17. Nxc6 Rd7 18. Bf3 Bb7 19. Nb5 Qc8 20. Nbxa7 Qc7 21. Nb5
Qc8 22. Nxd6 Nxd6 23. Rxd6 Bxc6 24. Rxd7 Bxd7 25. Bxa8 Qxa8 26. Rxd7 Qxa2 27.
Rd2 Qa1+ 28. Rd1 Qa2 29. Bd6 Bf6 30. Ba3 Nc5 31. Rd6 Be5 32. Rd5 Qa1+ 33. Qd1
Bxb2 34. Qxa1 1-0

[Event "First Saturday 2011 szeptember FM"]
[Site "Budapest"]
[Date "2011.09.08"]
[Round "6"]
[White "Heyl, Thomas"]
[Black "Zala, Gyula"]
[Result "0-1"]
[WhiteElo "2069"]
[BlackElo "2003"]
[PlyCount "90"]
[EventDate "2011.09.03"]

1. d4 d5 2. Nf3 e6 3. e3 c6 4. Bd3 f5 5. c4 Nf6 6. Nc3 Be7 7. O-O O-O 8. Rb1
Qe8 9. b4 Ne4 10. Ne2 Rf6 11. Bxe4 fxe4 12. Ne5 Nd7 13. f4 Rf8 14. c5 a5 15.
Qa4 b5 16. Qa3 Nxe5 17. dxe5 Ba6 18. Qb2 axb4 19. Qxb4 Bd8 20. Nd4 Bb7 21. Rf2
Ra4 22. Qb2 Qe7 23. Bd2 Bc7 24. Bb4 g6 25. a3 Rf7 26. Qe2 Ra8 27. Qg4 Re8 28.
Ra2 Rg7 29. a4 g5 30. f5 exf5 31. Nxf5 Qxe5 32. g3 Bc8 33. Nh6+ Kh8 34. Qh5 Rf8
35. Ba3 g4 36. Qh4 Qc3 37. Nxg4 Bxg4 38. Qh6 Bf4 39. exf4 Qe3+ 40. Rf2 Qxa3 41.
Qd6 Rc8 42. axb5 e3 43. Rfb2 e2 44. Rxe2 Bxe2 45. Qe6 Qxc5+ 0-1

[Event "First Saturday 2011 szeptember FM"]
[Site "Budapest"]
[Date "2011.09.08"]
[Round "6"]
[White "Darazs, Zoltan"]
[Black "Dancs, Zsolt"]
[Result "1/2-1/2"]
[WhiteElo "2127"]
[BlackElo "2156"]
[PlyCount "24"]
[EventDate "2011.09.03"]

1. e4 c5 2. Nf3 Nc6 3. d4 cxd4 4. Nxd4 Nf6 5. Nc3 e5 6. Ndb5 d6 7. Bg5 a6 8.
Na3 b5 9. Bxf6 gxf6 10. Nd5 Bg7 11. Bd3 Ne7 12. Nxe7 Qxe7 1/2-1/2

[Event "First Saturday 2011 szeptember FM"]
[Site "Budapest"]
[Date "2011.09.08"]
[Round "6"]
[White "Mayer, Istvan"]
[Black "Juracsik, Jozsef"]
[Result "1/2-1/2"]
[WhiteElo "2063"]
[BlackElo "2178"]
[PlyCount "54"]
[EventDate "2011.09.03"]

1. e4 c5 2. Nf3 d6 3. Bb5+ Nc6 4. O-O Bg4 5. h3 Bh5 6. e5 e6 7. g4 Bg6 8. d4 d5
9. c4 dxc4 10. Qa4 Nge7 11. dxc5 a6 12. Bxc4 Nd5 13. Nd4 Rc8 14. Nc3 Nxc3 15.
bxc3 Bxc5 16. Nxc6 Rxc6 17. Bxa6 O-O 18. Bxb7 Rb6 19. Bg2 Qd3 20. Qa5 Rc8 21.
c4 Qxc4 22. Bg5 h6 23. Rac1 Bc2 24. Be3 Bxe3 25. fxe3 Ra6 26. Qd2 Ra3 27. Rf2
Rc3 {after 19 move} 1/2-1/2

[Event "First Saturday 2011 szeptember FM"]
[Site "Budapest"]
[Date "2011.09.08"]
[Round "6"]
[White "Letay, Gyula"]
[Black "Szatmari, David"]
[Result "1-0"]
[WhiteElo "2028"]
[BlackElo "2021"]
[PlyCount "81"]
[EventDate "2011.09.03"]

1. e4 e6 2. Nf3 d5 3. Nc3 Nf6 4. e5 Nfd7 5. d4 c5 6. dxc5 Nc6 7. Bf4 Bxc5 8.
Bd3 a6 9. O-O Nf8 10. a3 Ng6 11. Bg3 Bd7 12. b4 Ba7 13. Qd2 Rc8 14. Ne2 b5 15.
Rfe1 Qb6 16. Nf4 a5 17. Nh5 Kf8 18. Nf6 gxf6 19. Qh6+ Ke8 20. Bxg6 fxg6 21. Qg7
Rf8 22. exf6 Bb8 23. Bh4 Bd6 24. Ng5 Nd8 25. Nxh7 Nf7 26. Nxf8 Bxf8 27. Qxg6
axb4 28. axb4 Bxb4 29. Re2 Qd4 30. Qg8+ Bf8 31. Rae1 Rc6 32. Bg5 Qb4 33. Qg6
Qc4 34. h4 Bb4 35. Qg8+ Bf8 36. g3 Qg4 37. Kg2 Rc3 38. Kh2 Qf5 39. Ra1 Bc8 40.
Ra7 Bd7 41. Rxd7 1-0